Digital communications /
में बचाया:
| मुख्य लेखक: | |
|---|---|
| स्वरूप: | Sách giấy |
| भाषा: | English |
| प्रकाशित: |
Boston :
McGraw-Hill,
2001
|
| टैग : |
टैग जोड़ें
कोई टैग नहीं, इस रिकॉर्ड को टैग करने वाले पहले व्यक्ति बनें!
|
| Thư viện lưu trữ: | Thư viện Trường Đại học Đà Lạt |
|---|
| LEADER | 00549nam a2200241 4500 | ||
|---|---|---|---|
| 001 | DLU020018512 | ||
| 005 | ##9/25/2001 | ||
| 020 | # | # | |a 978- |
| 041 | # | # | |a eng |
| 082 | # | # | |a 621.382 |b PR-J |
| 100 | # | # | |a Proakis, John G. |
| 245 | # | # | |a Digital communications / |c John G. Proakis |
| 260 | # | # | |a Boston : |b McGraw-Hill, |c 2001 |
| 300 | # | # | |a 1002 tr., XX; |c 24 cm. |
| 992 | # | # | |a 1495680 |
| 994 | # | # | |a DLU |
| 900 | # | # | |a False |
| 911 | # | # | |a Administrator |
| 925 | # | # | |a G |
| 926 | # | # | |a A |
| 927 | # | # | |a SH |
| 980 | # | # | |a Thư viện Trường Đại học Đà Lạt |